[Event "Caspian Cup 17th"]
[Site "Bandar e Anzali"]
[Date "2019.02.14"]
[Round "3"]
[White "Bernadskiy, Vitaliy"]
[Black "Naderi, M Sadegh"]
[Result "1-0"]
[WhiteElo "2570"]
[BlackElo "2242"]
[PlyCount "104"]
[EventDate "2019.02.12"]
[EventType "swiss"]
[EventRounds "9"]
[EventCountry "IRI"]
[SourceTitle "CBM 189 Extra"]
[Source "ChessBase"]
[SourceDate "2019.06.03"]
[SourceVersion "1"]
[SourceVersionDate "2019.06.03"]
[SourceQuality "1"]

1. e4 c6 2. d4 d5 3. e5 Bf5 4. Nf3 e6 5. Be2 Nd7 6. 0-0 Ne7 7. c3 h6 8. Na3 g5 9. Nc2 Bg7 10. Ne3 Bg6 11. h4 Qc7 12. hxg5 hxg5 13. Nxg5 0-0-0 14. f4 Bh6 15. Ng4 Nf5 16. Nxh6 Rxh6 17. Kf2 c5 18. Bg4 Ne7 19. Be3 Rdh8 20. Qa4 Kb8 21. Qa3 Nb6 22. Qxc5 Qxc5 23. dxc5 Na4 24. b4 Nxc3 25. Bf3 Rh2 26. a4 Ne4+ 27. Bxe4 Bxe4 28. Rg1 Nf5 29. Rae1 Nh6 30. Nf3 Bxf3 31. Kxf3 Nf5 32. Bf2 Kc7 33. b5 a6 34. c6 axb5 35. axb5 bxc6 36. Rc1 Ne7 37. Ra1 Nc8 38. Rgc1 Rd8 39. Rxc6+ Kb7 40. Rac1 d4 41. Rc7+ Kb8 42. Bxd4 Rxd4 43. Rxc8+ Kb7 44. R8c7+ Kb6 45. Rxf7 Rd3+ 46. Ke4 Ra3 47. Rc6+ Kxb5 48. Rxe6 Rxg2 49. Rb7+ Kc5 50. Rc7+ Kb5 51. Re8 Kb6 52. Rc4 Kb7 1-0

[Event "Aftab Cup op 2nd"]
[Site "Khomein"]
[Date "2018.08.31"]
[Round "9"]
[White "Veisi, Bardia"]
[Black "Naderi, M Sadegh"]
[Result "0-1"]
[WhiteElo "2273"]
[BlackElo "2181"]
[PlyCount "120"]
[EventDate "2018.08.25"]
[EventType "swiss"]
[EventRounds "9"]
[EventCountry "IRI"]
[SourceTitle "CBM 186 Extra"]
[Source "ChessBase"]
[SourceDate "2018.08.24"]
[SourceVersion "1"]
[SourceVersionDate "2018.08.24"]
[SourceQuality "1"]

1. e4 c6 2. Nc3 d5 3. Nf3 Bg4 4. h3 Bh5 5. exd5 cxd5 6. g4 Bg6 7. Bb5+ Nc6 8. Ne5 Rc8 9. d4 e6 10. Qe2 Bb4 11. h4 Nge7 12. h5 Be4 13. f3 0-0 14. Nxc6 Nxc6 15. Be3 Na5 16. fxe4 a6 17. Bd3 Rxc3 18. Bd2 Rxd3 19. Qxd3 Bxd2+ 20. Qxd2 Nc4 21. Qe2 Nxb2 22. 0-0 Na4 23. Rf3 Qg5 24. Ra3 b5 25. Rf1 Rc8 26. exd5 Qxd5 27. Qf2 Rc7 28. Rf3 f6 29. h6 Nc3 30. Rf4 Qg5 31. Qe3 Rc6 32. R4f3 Qxg4+ 33. Kh2 Nd5 34. Qd2 Qh4+ 35. Rh3 Qe4 36. Rf2 g5 37. Rhf3 Qg6 38. Kg1 Qxh6 39. Qa5 Qf8 40. c3 Qe7 41. Rh3 Nf4 42. Re3 Kg7 43. Ref3 Qd6 44. a4 Qc7 45. Qb4 Nd5 46. Qb2 Rxc3 47. axb5 Rxf3 48. Rxf3 axb5 49. Qxb5 g4 50. Rf2 h5 51. Qb2 h4 52. Rg2 f5 53. Qd2 Nf4 54. Rh2 h3 55. Rf2 Ng6 56. d5 g3 57. Rf3 Qc5+ 58. Qe3 Qxe3+ 59. Rxe3 f4 60. Rxe6 f3 0-1

[Event "Bandar e Anzali Khazar Cup 16th"]
[Site "Bandar e Anzali"]
[Date "2018.03.06"]
[Round "9"]
[White "Dvirnyy, Danyyil"]
[Black "Naderi, M Sadegh"]
[Result "1/2-1/2"]
[WhiteElo "2537"]
[BlackElo "2108"]
[PlyCount "31"]
[EventDate "2018.02.27"]
[EventType "swiss"]
[EventRounds "9"]
[EventCountry "IRI"]
[SourceTitle "CBM 183 Extra"]
[Source "ChessBase"]
[SourceDate "2018.04.19"]
[SourceVersion "1"]
[SourceVersionDate "2018.04.19"]
[SourceQuality "1"]

1. d4 d5 2. c4 c6 3. cxd5 cxd5 4. Bf4 Nc6 5. e3 Nf6 6. Nc3 Bf5 7. Nf3 e6 8. Bd3 Bg6 9. 0-0 Bd6 10. Bxd6 Qxd6 11. Rc1 0-0 12. Bxg6 hxg6 13. Na4 Rac8 14. Nc5 b6 15. Nd3 Rc7 16. Qe2 1/2-1/2

[Event "Bandar e Anzali Khazar Cup 16th"]
[Site "Bandar e Anzali"]
[Date "2018.03.01"]
[Round "3"]
[White "Sibashvili, Giorgi"]
[Black "Naderi, M Sadegh"]
[Result "1-0"]
[WhiteElo "2418"]
[BlackElo "2108"]
[PlyCount "54"]
[EventDate "2018.02.27"]
[EventType "swiss"]
[EventRounds "9"]
[EventCountry "IRI"]
[SourceTitle "CBM 183 Extra"]
[Source "ChessBase"]
[SourceDate "2018.04.19"]
[SourceVersion "1"]
[SourceVersionDate "2018.04.19"]
[SourceQuality "1"]

1. d4 d5 2. c4 c6 3. Nc3 Nf6 4. e3 e6 5. Nf3 Nbd7 6. Bd3 dxc4 7. Bxc4 b5 8. Bd3 Bb7 9. 0-0 b4 10. Ne4 Be7 11. Nxf6+ Nxf6 12. e4 0-0 13. e5 Nd7 14. Qc2 g6 15. Bh6 Re8 16. Rfd1 Rc8 17. Rac1 Nb6 18. Qe2 Nd5 19. Nd2 a5 20. Ne4 a4 21. h4 Qb6 22. Qg4 Red8 23. Nc5 Bxc5 24. Rxc5 Ne7 25. Qg5 Rxd4 26. Qf6 Nf5 27. Bxf5 Qd8 1-0

[Event "Hamedan op"]
[Site "Hamedan"]
[Date "2017.08.14"]
[Round "4"]
[White "Mozaffari, Alireza"]
[Black "Naderi, M Sadegh"]
[Result "1-0"]
[WhiteElo "2003"]
[BlackElo "2201"]
[PlyCount "99"]
[EventDate "2017.08.12"]
[EventType "swiss"]
[EventRounds "11"]
[EventCountry "IRI"]
[SourceTitle "CBM 180 Extra"]
[Source "ChessBase"]
[SourceDate "2017.10.06"]
[SourceVersion "1"]
[SourceVersionDate "2017.10.06"]
[SourceQuality "1"]

1. d4 d5 2. c4 c6 3. Nc3 Nf6 4. Nf3 e6 5. g3 Nbd7 6. Bg2 Be7 7. 0-0 0-0 8. b3 Qa5 9. Qc2 dxc4 10. bxc4 e5 11. Bd2 Qc7 12. Bg5 exd4 13. Nxd4 Qa5 14. Ne4 Re8 15. Rab1 Nxe4 16. Bxe7 Rxe7 17. Bxe4 Nf6 18. Bg2 Qh5 19. Rb2 Bg4 20. Rfb1 Bc8 21. e3 c5 22. Rb5 Bd7 23. Rxb7 cxd4 24. Rxd7 Nxd7 25. Bxa8 dxe3 26. fxe3 g6 27. Rf1 Ne5 28. Qd2 Kg7 29. Bd5 Qg5 30. Qd4 f6 31. Qf4 Qxf4 32. gxf4 Nd7 33. Kf2 f5 34. a4 Nf6 35. h3 Nxd5 36. cxd5 Rb7 37. Rc1 Rd7 38. Rc5 Kf6 39. Ke2 Ke7 40. Kd3 Kd6 41. Kd4 Re7 42. Rc6+ Kd7 43. Ra6 Kc8 44. Re6 Rf7 45. Ke5 Kd7 46. h4 Kc7 47. a5 Kb7 48. Re8 Ka6 49. Ke6 Rb7 50. d6 1-0

[Event "Hamedan op"]
[Site "Hamedan"]
[Date "2017.08.13"]
[Round "2"]
[White "Ebrahimi, Abolfazl"]
[Black "Naderi, M Sadegh"]
[Result "1/2-1/2"]
[WhiteElo "1902"]
[BlackElo "2201"]
[PlyCount "131"]
[EventDate "2017.08.12"]
[EventType "swiss"]
[EventRounds "11"]
[EventCountry "IRI"]
[SourceTitle "CBM 180 Extra"]
[Source "ChessBase"]
[SourceDate "2017.10.06"]
[SourceVersion "1"]
[SourceVersionDate "2017.10.06"]
[SourceQuality "1"]

1. Nf3 Nf6 2. g3 d5 3. Bg2 c6 4. 0-0 Bf5 5. d3 e6 6. c4 Nbd7 7. cxd5 cxd5 8. Nc3 Be7 9. Re1 0-0 10. e4 Bg4 11. e5 Ne8 12. d4 Nc7 13. Qd3 Rb8 14. a4 Na6 15. Na2 Qa5 16. Qd1 Qb6 17. Re3 Rfc8 18. Bf1 Qd8 19. h3 Bh5 20. g4 Bg6 21. Ne1 Nb4 22. Nxb4 Bxb4 23. Nd3 Ba5 24. Bd2 Bxd2 25. Qxd2 Qb6 26. Ne1 a6 27. Rc3 f6 28. exf6 Nxf6 29. Bg2 Rc6 30. Rac1 Rbc8 31. Rxc6 Rxc6 32. b4 Qc7 33. Rxc6 Qxc6 34. a5 Ne8 35. Nf3 Nd6 36. Ne5 Qc2 37. Qg5 Qc7 38. Nxg6 hxg6 39. Qxg6 Qe7 40. f4 Nb5 41. f5 Nxd4 42. fxe6 Ne2+ 43. Kh1 Nf4 44. Qf5 Nxg2 45. Kxg2 d4 46. Qf7+ Qxf7 47. exf7+ Kxf7 48. Kf3 Kf6 49. Ke4 Kg5 50. Kxd4 Kh4 51. Ke4 Kxh3 52. Kf5 Kh4 53. g5 Kh5 54. g6 Kh6 55. Ke6 Kxg6 56. Kd7 Kf6 57. Kc7 g5 58. Kxb7 g4 59. b5 axb5 60. a6 g3 61. a7 g2 62. a8Q g1Q 63. Qf8+ Ke5 64. Qe8+ Kd6 65. Qc6+ Ke7 66. Qxb5 1/2-1/2

[Event "Mashhad Ferdowsi op 7th"]
[Site "Mashhad"]
[Date "2017.02.14"]
[Round "2"]
[White "Gabuzyan, Hovhannes"]
[Black "Naderi, M Sadegh"]
[Result "1-0"]
[WhiteElo "2594"]
[BlackElo "2147"]
[PlyCount "91"]
[EventDate "2017.02.13"]
[EventType "swiss"]
[EventRounds "9"]
[EventCountry "IRI"]
[SourceTitle "EXT 2018"]
[Source "ChessBase"]
[SourceDate "2017.10.13"]
[SourceVersion "1"]
[SourceVersionDate "2017.10.13"]
[SourceQuality "1"]

1. e4 c6 2. Nc3 d5 3. Nf3 Bg4 4. h3 Bh5 5. d4 e6 6. Bd3 Nf6 7. e5 Nfd7 8. g4 Bg6 9. h4 c5 10. dxc5 Bxc5 11. h5 Bxd3 12. cxd3 Nc6 13. d4 Bb4 14. Qd3 Bxc3+ 15. Qxc3 Qa5 16. Qxa5 Nxa5 17. b3 0-0 18. Ba3 Rfc8 19. Kd2 f6 20. h6 g6 21. Rhe1 fxe5 22. dxe5 Nc5 23. Ng5 Ncxb3+ 24. axb3 Nxb3+ 25. Kd3 Nxa1 26. Rxa1 Rc4 27. Nxe6 Re8 28. Nd4 Rxe5 29. Bb2 a6 30. Ra5 Rb4 31. Bc3 Rb1 32. Rc5 Re4 33. Rxd5 Rxg4 34. Rd7 b5 35. Rg7+ Kf8 36. Ne6+ Ke8 37. Rxh7 Rd1+ 38. Bd2 Rg2 39. Ke2 Rxd2+ 40. Kxd2 Rxf2+ 41. Ke3 Rh2 42. Kd4 b4 43. Kc5 b3 44. Rb7 b2 45. Kd6 Rd2+ 46. Ke5 1-0

[Event "Asian Schools-ch U15 12th Blitz"]
[Site "Tehran"]
[Date "2016.07.16"]
[Round "3.2"]
[White "Naderi, M Sadegh"]
[Black "Hakemi, Arman"]
[Result "1-0"]
[WhiteElo "1864"]
[BlackElo "1945"]
[PlyCount "65"]
[EventDate "2016.07.16"]
[EventType "swiss"]
[EventRounds "9"]
[EventCountry "IRI"]
[SourceTitle "EXT 2024"]
[Source "ChessBase"]
[SourceDate "2023.10.10"]
[SourceVersion "1"]
[SourceVersionDate "2023.10.10"]
[SourceQuality "1"]

1. d4 d5 2. c4 dxc4 3. e4 Nf6 4. e5 Nd5 5. Bxc4 e6 6. Nc3 Nxc3 7. bxc3 Be7 8. Nf3 0-0 9. Bd3 Bd7 10. 0-0 c5 11. Be3 cxd4 12. cxd4 Bc6 13. Nd2 Nd7 14. Qg4 Kh8 15. f4 Nb6 16. Ne4 Nd5 17. Bd2 Nb4 18. Bxb4 Bxb4 19. Nf2 Qxd4 20. Rad1 Ba4 21. Bc2 Qc4 22. Bxa4 Bc5 23. Bb3 Qc3 24. Kh1 Qe3 25. Rde1 Qd2 26. Ne4 Qa5 27. Ng5 h6 28. Qh5 Kg8 29. Ne4 Bb4 30. Re3 Qa6 31. Rg1 Rad8 32. Rg3 Qc6 33. Qxh6 1-0